| 000 | 01123cam a2200313 i 4500 | ||
|---|---|---|---|
| 001 | 66798 | ||
| 003 | Mx-PuUPA | ||
| 005 | 20250607110717.0 | ||
| 008 | 170307s2024 sp gr 000 0 spa d | ||
| 017 | _aM-16035-2024 | ||
| 020 | _a9788430990467 | ||
| 040 | _cMx-PuUPA | ||
| 041 | 0 | _aspa | |
| 082 | 0 | 4 |
_a341 _bP27 _223 |
| 100 | 1 |
_aPastor Ridruejo, José Antonio, _eautor _917079 |
|
| 245 | 1 | 0 |
_aCurso de derecho internacional público y organizaciones internacionales / _cJosé Antonio Pastor Ridruejo |
| 250 | _aVigésima Octava edición | ||
| 264 | 1 |
_aMadrid : _bEditorial Tecnos, _c2024 |
|
| 300 |
_a895 páginas ; _c24 cm |
||
| 336 |
_atexto _2rdacontent |
||
| 337 |
_asin medio _2rdamedia |
||
| 338 |
_avolumen _2rdacarrier |
||
| 650 | 7 |
_2armarc _aDerecho internacional |
|
| 650 | 7 |
_2armarc _aDerecho internacional público _vTratados, manuales, etc., |
|
| 650 | 7 |
_2armarc _aOrganismos internacionales _vTratados, manuales, etc., |
|
| 942 |
_2ddc _cLI _h341 _iP27 |
||
| 998 | _cavdi | ||
| 999 |
_c66798 _d66798 |
||